[Event "FRA-chT1 9495"]
[Site "Montpellier"]
[Date "1995.??.??"]
[Round "?"]
[White "Andruet, Gilles"]
[Black "Ruiz, Richard"]
[Result "1-0"]
[WhiteElo "2360"]
[BlackElo "2195"]
[PlyCount "113"]
[EventDate "1994.04.??"]
[EventType "team-tourn"]
[EventRounds "16"]
[EventCountry "FRA"]
[SourceTitle "EXT 2015"]
[Source "ChessBase"]
[SourceDate "2014.11.20"]
[SourceVersion "1"]
[SourceVersionDate "2014.11.20"]
[SourceQuality "1"]
[WhiteTeam "Montpellier"]
[BlackTeam "Nice"]
[WhiteTeamCountry "FRA"]
[BlackTeamCountry "FRA"]

1. d4 d5 2. c4 c6 3. Nc3 Nf6 4. e3 e6 5. Nf3 Be7 6. Bd3 Nbd7 7. 0-0 0-0 8. Qe2 Bb4 9. Bd2 Bxc3 10. Bxc3 Ne4 11. Rac1 a5 12. Rfd1 f5 13. Be1 Qf6 14. Nd2 Qe7 15. f3 Nxd2 16. Qxd2 Nf6 17. Bg3 Re8 18. Rc3 Qd8 19. Bf1 Nd7 20. Qc2 Nf6 21. Kh1 Rf8 22. Be5 Nd7 23. Bd6 Rf7 24. Bg3 Nf6 25. Qf2 Nd7 26. Rcc1 Nf8 27. Bd3 Bd7 28. Bd6 Be8 29. Bg3 Ng6 30. Qd2 Qf6 31. Bd6 Qd8 32. c5 b5 33. a4 b4 34. g4 fxg4 35. f4 Qh4 36. Bxg6 hxg6 37. Rg1 Rf5 38. Rg3 g5 39. Qg2 Bg6 40. Rxg4 Qh7 41. Rxg5 Rxg5 42. Qxg5 Bc2 43. h4 Qf5 44. Qxf5 Bxf5 45. Kg2 Kf7 46. Be5 g6 47. Kf2 Ra7 48. Rg1 Ra6 49. h5 gxh5 50. Rg7+ Kf8 51. Kg3 Ra8 52. Kh4 Re8 53. Rc7 Kg8 54. Kg5 h4 55. Kxh4 Bc2 56. Kg5 Bxa4 57. Rg7+ 1-0

[Event "FRA"]
[Site "France"]
[Date "1993.??.??"]
[Round "?"]
[White "Andruet, Gilles"]
[Black "Bernard, Christophe"]
[Result "1-0"]
[WhiteElo "2360"]
[BlackElo "2365"]
[PlyCount "79"]
[EventDate "1993.??.??"]
[EventType "team"]
[EventRounds "11"]
[EventCountry "FRA"]
[SourceTitle "TD"]
[Source "ChessBase"]
[SourceDate "1994.03.01"]
[SourceVersion "1"]
[SourceVersionDate "1994.03.01"]
[SourceQuality "1"]

1. d4 Nf6 2. c4 g6 3. Nc3 d5 4. Nf3 Bg7 5. Bg5 Ne4 6. cxd5 Nxg5 7. Nxg5 e6 8. Qd2 exd5 9. Qe3+ Kf8 10. Nf3 c5 11. dxc5 Nc6 12. 0-0-0 d4 13. Qf4 Bf5 14. e3 h5 15. Nxd4 Nxd4 16. Rxd4 Bxd4 17. exd4 Kg7 18. Be2 Re8 19. Rd1 Qf6 20. Bf3 Rab8 21. h4 Bg4 22. Qxf6+ Kxf6 23. Bxg4 hxg4 24. g3 Ke6 25. b4 Kd7 26. Kc2 f5 27. Kd3 f4 28. Nd5 fxg3 29. Nf6+ Kc6 30. Nxe8 Rxe8 31. fxg3 Kd5 32. Rf1 Re4 33. Rf4 Rxf4 34. gxf4 a6 35. a4 g3 36. Ke3 g2 37. Kf2 Kxd4 38. f5 gxf5 39. h5 Ke5 40. b5 1-0

[Event "FRA"]
[Site "France"]
[Date "1993.??.??"]
[Round "?"]
[White "Andruet, Gilles"]
[Black "Boulard, Eric"]
[Result "0-1"]
[WhiteElo "2360"]
[BlackElo "2255"]
[PlyCount "32"]
[EventDate "1993.??.??"]
[EventType "team"]
[EventRounds "11"]
[EventCountry "FRA"]
[SourceTitle "TD"]
[Source "ChessBase"]
[SourceDate "1994.03.01"]
[SourceVersion "1"]
[SourceVersionDate "1994.03.01"]
[SourceQuality "1"]

1. d4 f5 2. c4 Nf6 3. Nc3 g6 4. Qc2 Bg7 5. e4 fxe4 6. Nxe4 Nxe4 7. Qxe4 d6 8. Bd3 Nc6 9. Qh4 Nxd4 10. Bh6 Bf6 11. Qg3 c6 12. Nf3 Nxf3+ 13. Qxf3 Qa5+ 14. Bd2 Qe5+ 15. Kd1 0-0 16. h4 Bxh4 0-1

[Event "FRA"]
[Site "France"]
[Date "1993.??.??"]
[Round "?"]
[White "Andruet, Gilles"]
[Black "Relange, Eloi"]
[Result "1-0"]
[WhiteElo "2360"]
[BlackElo "2295"]
[PlyCount "115"]
[EventDate "1993.??.??"]
[EventType "team"]
[EventRounds "11"]
[EventCountry "FRA"]
[SourceTitle "TD"]
[Source "ChessBase"]
[SourceDate "1994.03.01"]
[SourceVersion "1"]
[SourceVersionDate "1994.03.01"]
[SourceQuality "1"]

1. d4 Nf6 2. c4 g6 3. Nc3 Bg7 4. e4 d6 5. h3 0-0 6. Bg5 h6 7. Be3 e5 8. d5 Na6 9. Bd3 Nh5 10. Qd2 Nc5 11. Bc2 Nf4 12. Rh2 Kh7 13. g3 Nh5 14. Nge2 f5 15. exf5 Bxf5 16. b4 Nd7 17. Bb3 Nhf6 18. g4 Ne4 19. Qc2 Ng5 20. Bxg5 Bxc2 21. Bxd8 Bxb3 22. axb3 Rfxd8 23. Ne4 Rf8 24. N2c3 Nf6 25. Ke2 Nxe4 26. Nxe4 Bf6 27. b5 Be7 28. Rhh1 a6 29. bxa6 bxa6 30. b4 Rfb8 31. Ra4 Rb6 32. b5 Rab8 33. Rxa6 Rxa6 34. bxa6 Rb2+ 35. Kf3 Rb3+ 36. Kg2 Ra3 37. Rb1 Rxa6 38. Rb7 Bd8 39. c5 dxc5 40. d6 Rc6 41. d7 Rb6 42. Nxc5 Rd6 43. Rb8 Bh4 44. Rc8 c6 45. Rc7 Bd8 46. Nb7 Bxc7 47. Nxd6 c5 48. Kf3 Kg8 49. Nb7 Kf7 50. d8Q Bxd8 51. Nxd8+ Ke7 52. Nb7 c4 53. Ke4 Ke6 54. Nc5+ Kd6 55. Na4 Ke6 56. Nc3 Kd6 57. h4 Ke6 58. Nd5 1-0

[Event "FRA"]
[Site "France"]
[Date "1993.??.??"]
[Round "?"]
[White "Armas, Jules"]
[Black "Andruet, Gilles"]
[Result "1/2-1/2"]
[WhiteElo "2435"]
[BlackElo "2360"]
[PlyCount "55"]
[EventDate "1993.??.??"]
[EventType "team"]
[EventRounds "11"]
[EventCountry "FRA"]
[SourceTitle "TD"]
[Source "ChessBase"]
[SourceDate "1994.03.01"]
[SourceVersion "1"]
[SourceVersionDate "1994.03.01"]
[SourceQuality "1"]

1. e4 c5 2. Nf3 e6 3. d4 cxd4 4. Nxd4 Nf6 5. Nc3 d6 6. Be3 a6 7. Qd2 b5 8. f3 Bb7 9. 0-0-0 Nbd7 10. g4 Nb6 11. Bd3 Rc8 12. Kb1 Nc4 13. Bxc4 Rxc4 14. h4 Nd7 15. g5 Ne5 16. f4 Ng4 17. Bg1 b4 18. Qe2 Qc7 19. Nd5 exd5 20. exd5+ Be7 21. Qxg4 Bxd5 22. Rh2 Be4 23. Rdd2 d5 24. Nf5 Bxf5 25. Qxf5 Rxf4 26. Qxd5 0-0 27. Rhe2 Rf1+ 28. Rd1 1/2-1/2

[Event "FRA"]
[Site "France"]
[Date "1993.??.??"]
[Round "?"]
[White "Lopez, Jordi"]
[Black "Andruet, Gilles"]
[Result "0-1"]
[WhiteElo "2230"]
[BlackElo "2360"]
[PlyCount "60"]
[EventDate "1993.??.??"]
[EventType "team"]
[EventRounds "11"]
[EventCountry "FRA"]
[SourceTitle "TD"]
[Source "ChessBase"]
[SourceDate "1994.03.01"]
[SourceVersion "1"]
[SourceVersionDate "1994.03.01"]
[SourceQuality "1"]

1. d4 Nf6 2. c4 c5 3. Nf3 cxd4 4. Nxd4 e6 5. Nc3 Bb4 6. Qb3 Bc5 7. e3 Nc6 8. Nf3 0-0 9. Be2 d5 10. cxd5 exd5 11. 0-0 Rb8 12. Rd1 Be6 13. Qa4 Qe7 14. Bd2 a6 15. a3 b5 16. Qh4 b4 17. Na4 bxa3 18. bxa3 Bxa3 19. Bxa6 d4 20. exd4 Bb3 21. Re1 Qa7 22. Nc5 Bb2 23. Rab1 Bc2 24. Bd3 Bxb1 25. Bxb1 Nxd4 26. Ne5 Ne2+ 27. Kf1 Bxe5 28. Ne4 Rxb1 29. Rxb1 Nd4 30. Bh6 Qa6+ 0-1

[Event "FRA-chT"]
[Site "France"]
[Date "1992.??.??"]
[Round "?"]
[White "Andruet, Gilles"]
[Black "Guigonis, Dominique"]
[Result "0-1"]
[WhiteElo "2365"]
[BlackElo "2285"]
[PlyCount "80"]
[EventDate "1992.??.??"]
[EventType "team"]
[EventRounds "8"]
[EventCountry "FRA"]
[SourceTitle "EXT 1997"]
[Source "ChessBase"]
[SourceDate "1996.11.15"]
[SourceVersion "1"]
[SourceVersionDate "1996.11.15"]
[SourceQuality "1"]

1. d4 Nf6 2. c4 c5 3. d5 e5 4. Nc3 d6 5. g3 Be7 6. Bg2 0-0 7. e4 Ne8 8. Nge2 g6 9. 0-0 f5 10. f4 Nd7 11. b3 Ndf6 12. Bb2 a6 13. Qd2 Ng7 14. Rae1 Re8 15. Nd1 Nxe4 16. Bxe4 fxe4 17. fxe5 Bg5 18. Nf4 dxe5 19. Qc3 Nf5 20. Rxe4 Nd4 21. Qe1 Bf6 22. Nc3 Bf5 23. Ne6 Nxe6 24. dxe6 Rxe6 25. Nd5 Bxe4 26. Qxe4 Bg7 27. g4 Qd6 28. g5 Rb8 29. Rd1 Kh8 30. Rd3 Qc6 31. Rh3 Kg8 32. Qh4 h5 33. gxh6 Bf6 34. h7+ Kh8 35. Nxf6 Rxf6 36. Re3 Qd6 37. Qe1 Rf5 38. Re2 Rg5+ 39. Rg2 Rxg2+ 40. Kxg2 Kxh7 0-1

[Event "Torcy op-A"]
[Site "Torcy"]
[Date "1991.??.??"]
[Round "?"]
[White "Andruet, Gilles"]
[Black "Calvo Sanchez, Jesus Maria"]
[Result "0-1"]
[WhiteElo "2375"]
[BlackElo "2210"]
[PlyCount "64"]
[EventDate "1991.04.??"]
[EventType "swiss"]
[EventRounds "9"]
[EventCountry "FRA"]
[SourceTitle "TD"]
[Source "ChessBase"]
[SourceDate "1994.03.01"]
[SourceVersion "1"]
[SourceVersionDate "1994.03.01"]
[SourceQuality "1"]

1. e4 d6 2. d4 Nf6 3. Nc3 g6 4. Be3 c6 5. Qd2 b5 6. f3 Nbd7 7. g4 Nb6 8. a4 b4 9. Nd1 a5 10. c3 bxc3 11. Nxc3 h5 12. g5 Nfd7 13. f4 Bg7 14. Nf3 0-0 15. Be2 c5 16. 0-0 cxd4 17. Nxd4 Nc5 18. Qc2 Bb7 19. Bf3 Nc4 20. Bf2 e5 21. Ndb5 exf4 22. h4 Ne5 23. Bh1 f6 24. Rad1 Qc8 25. Nxd6 Qg4+ 26. Kh2 Bc8 27. Nd5 Be6 28. Qxc5 Qh3+ 29. Kg1 Ng4 30. Rfe1 Qh2+ 31. Kf1 Qxh1+ 32. Ke2 Qh2 0-1

[Event "FRA-chT"]
[Site "France"]
[Date "1991.??.??"]
[Round "?"]
[White "Andruet, Gilles"]
[Black "Conquest, Stuart"]
[Result "1/2-1/2"]
[WhiteElo "2375"]
[BlackElo "2460"]
[PlyCount "108"]
[EventDate "1991.??.??"]
[EventType "team"]
[EventRounds "12"]
[EventCountry "FRA"]
[SourceTitle "TD"]
[Source "ChessBase"]
[SourceDate "1994.03.01"]
[SourceVersion "1"]
[SourceVersionDate "1994.03.01"]
[SourceQuality "1"]

1. d4 d6 2. e4 Nf6 3. Nc3 g6 4. Be3 c6 5. Qd2 b5 6. e5 Ng4 7. f4 Bh6 8. h3 Nxe3 9. Qxe3 dxe5 10. dxe5 Qb6 11. Qg3 Na6 12. 0-0-0 Be6 13. Kb1 Nc5 14. Bd3 Qa5 15. f5 gxf5 16. Qf3 0-0 17. Bxf5 b4 18. Bxe6 fxe6 19. Qg4+ Kh8 20. Nce2 Rg8 21. Qh4 Bg5 22. Qc4 Qb5 23. Qxb5 cxb5 24. Nf3 Be3 25. Ned4 Rxg2 26. Rhe1 Bh6 27. Nxb5 Rf8 28. Nfd4 a6 29. Nc7 Rc8 30. Ncxe6 Nxe6 31. Nxe6 Rgxc2 32. Rd8+ Rxd8 33. Kxc2 Rd2+ 34. Kb3 Kg8 35. Rf1 a5 36. Rf3 Re2 37. Nd4 Rxe5 38. Nc6 Re2 39. Nxa5 e5 40. Nc4 e4 41. Rg3+ Kf7 42. Kxb4 e3 43. a4 Rf2 44. Rg1 e2 45. Re1 Bg7 46. a5 Ke6 47. Kc5 Kd7 48. Nb6+ Kc7 49. Nd5+ Kb7 50. b4 Bh6 51. Nc3 Bf8+ 52. Kc4 Rf4+ 53. Kb3 Rxb4+ 54. Kc2 Rh4 1/2-1/2

[Event "LUX-FRA m"]
[Site "Luxembourg"]
[Date "1991.??.??"]
[Round "3"]
[White "Andruet, Gilles"]
[Black "Stull, Norbert"]
[Result "1-0"]
[WhiteElo "2375"]
[BlackElo "2215"]
[PlyCount "107"]
[EventDate "1991.06.06"]
[EventType "team"]
[EventRounds "4"]
[EventCountry "LUX"]
[SourceTitle "EXT 2004"]
[Source "ChessBase"]
[SourceDate "2003.11.25"]
[SourceVersion "1"]
[SourceVersionDate "2003.11.25"]
[SourceQuality "1"]
[WhiteTeam "France"]
[BlackTeam "Luxembourg"]
[WhiteTeamCountry "FRA"]
[BlackTeamCountry "LUX"]

1. d4 Nf6 2. c4 g6 3. Nc3 Bg7 4. e4 d6 5. f3 0-0 6. Be3 Nc6 7. Qd2 a6 8. 0-0-0 Rb8 9. h4 h5 10. Kb1 e5 11. d5 Nd4 12. Nge2 c5 13. dxc6 bxc6 14. Nxd4 exd4 15. Bxd4 Be6 16. Be2 c5 17. Be3 Qb6 18. Rc1 Nd7 19. Rc2 Ne5 20. Nd5 Qb7 21. Bh6 Nc6 22. Bxg7 Kxg7 23. g4 Nd4 24. Qc3 Bxd5 25. cxd5 hxg4 26. fxg4 Qe7 27. Bd3 Rh8 28. Rch2 Qe5 29. h5 Rb7 30. Bxa6 Qxe4+ 31. Qd3 Qxd3+ 32. Bxd3 Nf3 33. Rh3 Ne5 34. h6+ Kh7 35. g5 Rhb8 36. R1h2 Rb4 37. Rg3 Rd4 38. Kc2 Rxd5 39. b3 Rd4 40. Kc3 Rf4 41. Re2 c4 42. Rxe5 dxe5 43. Bxc4 Rd8 44. a4 e4 45. Rg1 f5 46. gxf6 Rxf6 47. a5 Kxh6 48. a6 g5 49. Ra1 Rf3+ 50. Kb4 g4 51. a7 Rff8 52. Kc5 Kg5 53. Bd5 Rf5 54. a8Q 1-0

[Event "LUX-FRA m"]
[Site "Luxembourg"]
[Date "1991.??.??"]
[Round "1"]
[White "Wians, Camille"]
[Black "Andruet, Gilles"]
[Result "1/2-1/2"]
[WhiteElo "2355"]
[BlackElo "2375"]
[PlyCount "24"]
[EventDate "1991.06.06"]
[EventType "team"]
[EventRounds "4"]
[EventCountry "LUX"]
[SourceTitle "EXT 2004"]
[Source "ChessBase"]
[SourceDate "2003.11.25"]
[SourceVersion "1"]
[SourceVersionDate "2003.11.25"]
[SourceQuality "1"]
[WhiteTeam "Luxembourg"]
[BlackTeam "France"]
[WhiteTeamCountry "LUX"]
[BlackTeamCountry "FRA"]

1. e4 c5 2. Nf3 e6 3. c3 d5 4. exd5 Qxd5 5. d4 Nc6 6. Na3 Nf6 7. Bd3 cxd4 8. Nb5 Bd6 9. 0-0 0-0 10. c4 Qc5 11. b3 Be7 12. Qe2 Bd7 1/2-1/2

[Event "Syre Memorial op 13th"]
[Site "Issy les Moulineaux"]
[Date "1990.04.??"]
[Round "?"]
[White "McDonald, Neil R"]
[Black "Andruet, Gilles"]
[Result "1/2-1/2"]
[WhiteElo "2380"]
[BlackElo "2390"]
[PlyCount "55"]
[EventDate "1990.04.??"]
[EventType "swiss"]
[EventRounds "6"]
[EventCountry "FRA"]
[SourceTitle "EXT 2007"]
[Source "ChessBase"]
[SourceDate "2006.11.23"]
[SourceVersion "1"]
[SourceVersionDate "2006.11.23"]
[SourceQuality "1"]

1. e4 c5 2. Nf3 e6 3. d4 cxd4 4. Nxd4 Nf6 5. Nc3 d6 6. Be2 a6 7. 0-0 Be7 8. f4 Qc7 9. Kh1 0-0 10. Qe1 b5 11. Bf3 Bb7 12. e5 Ne8 13. Qg3 Nd7 14. Be3 Rd8 15. Rad1 dxe5 16. fxe5 b4 17. Ne4 Bxe4 18. Bxe4 Nxe5 19. Bf4 Bd6 20. Qh3 Ng6 21. Bg5 Nf6 22. Bxg6 hxg6 23. Nxe6 fxe6 24. Qxe6+ Kh7 25. Qh3+ Kg8 26. Qe6+ Kh7 27. Qh3+ Kg8 28. Qe6+ 1/2-1/2

[Event "Val Maubuee op"]
[Site "Val Maubuee"]
[Date "1990.??.??"]
[Round "?"]
[White "Abu Chamala, R."]
[Black "Andruet, Gilles"]
[Result "0-1"]
[WhiteElo "2210"]
[BlackElo "2355"]
[PlyCount "74"]
[EventDate "1990.??.??"]
[EventType "swiss"]
[EventRounds "9"]
[EventCountry "FRA"]
[SourceTitle "EXT 1997"]
[Source "ChessBase"]
[SourceDate "1996.11.15"]
[SourceVersion "1"]
[SourceVersionDate "1996.11.15"]
[SourceQuality "1"]

1. d4 Nf6 2. c4 c5 3. d5 b5 4. cxb5 a6 5. bxa6 g6 6. Nc3 Bxa6 7. e4 Bxf1 8. Kxf1 d6 9. g4 Bg7 10. h4 h5 11. g5 Ng4 12. Nge2 0-0 13. Kg2 Na6 14. Rf1 Nc7 15. f3 Ne5 16. f4 Ng4 17. f5 Qd7 18. Nf4 Kh7 19. Qf3 Nb5 20. Bd2 Nd4 21. Qd3 Ne5 22. Qh3 Rfb8 23. Rab1 Ra7 24. b3 Qb7 25. Rf2 Qa8 26. fxg6+ fxg6 27. Ne6 Ng4 28. Rf7 Nxe6 29. dxe6 Ne5 30. Rf2 Rxa2 31. Nd5 Ng4 32. Re2 Qa6 33. Rbe1 Ra3 34. Nxe7 Rbxb3 35. Be3 Qc4 36. Qf3 Qxe6 37. Nd5 Ra4 0-1

[Event "Toulouse op"]
[Site "Toulouse"]
[Date "1990.??.??"]
[Round "7"]
[White "Andruet, Gilles"]
[Black "Hebden, Mark"]
[Result "1/2-1/2"]
[WhiteElo "2355"]
[BlackElo "2530"]
[PlyCount "144"]
[EventDate "1990.??.??"]
[EventType "swiss"]
[EventRounds "9"]
[EventCountry "FRA"]
[SourceTitle "EXT 1997"]
[Source "ChessBase"]
[SourceDate "1996.11.15"]
[SourceVersion "1"]
[SourceVersionDate "1996.11.15"]
[SourceQuality "1"]

1. d4 Nf6 2. c4 g6 3. Nc3 Bg7 4. e4 d6 5. Nf3 0-0 6. Be2 e5 7. 0-0 Nc6 8. d5 Ne7 9. Nd2 Ne8 10. b4 f5 11. c5 Kh8 12. f3 f4 13. Nc4 h5 14. a4 g5 15. Ba3 Rf6 16. b5 dxc5 17. Bxc5 Rg6 18. h3 Ng8 19. Qd3 Nh6 20. Nd1 g4 21. fxg4 hxg4 22. hxg4 Bxg4 23. Bxg4 Rxg4 24. Rf3 Qg5 25. Qf1 Nf6 26. Nf2 Rh4 27. Raa3 Nh5 28. Rh3 Ng3 29. Qe1 Rg8 30. Nd2 Rxh3 31. Nxh3 Qg6 32. Rc3 Bf6 33. Bxa7 b6 34. d6 f3 35. Rxf3 Nxe4 36. Qe2 Nxd6 37. Qf1 Bg7 38. a5 Nc8 39. axb6 cxb6 40. Bb8 Ne7 41. Bc7 Nd5 42. Qc4 Nxc7 43. Qxc7 e4 44. Nf4 Qf5 45. Rh3 Rf8 46. g3 e3 47. Nf3 e2 48. Qxb6 Qxh3 49. Nxh3 Rxf3 50. Qf2 Rxf2 51. Kxf2 Nf5 52. Kxe2 Nd4+ 53. Ke3 Nxb5 54. Kf4 Kh7 55. Kg5 Nd6 56. Kh5 Be5 57. Kg4 Kg6 58. Nf4+ Kf6 59. Nh5+ Kf7 60. Nf4 Bb2 61. Nd3 Bc3 62. Nf4 Ne4 63. Kf3 Nf6 64. Ke3 Be1 65. Kf3 Kg7 66. Ng2 Bb4 67. Ne3 Kg6 68. Ng4 Nd7 69. Ne3 Kg5 70. Nc4 Be1 71. Ne3 Ne5+ 72. Kg2 Bc3 1/2-1/2

[Event "Val Maubuee op"]
[Site "Val Maubuee"]
[Date "1990.??.??"]
[Round "?"]
[White "Andruet, Gilles"]
[Black "Kortschnoj, Viktor Lvovich"]
[Result "0-1"]
[WhiteElo "2355"]
[BlackElo "2625"]
[PlyCount "56"]
[EventDate "1990.??.??"]
[EventType "swiss"]
[EventRounds "9"]
[EventCountry "FRA"]
[SourceTitle "EXT 1997"]
[Source "ChessBase"]
[SourceDate "1996.11.15"]
[SourceVersion "1"]
[SourceVersionDate "1996.11.15"]
[SourceQuality "1"]

1. d4 f5 2. c4 e6 3. g3 Nf6 4. Bg2 Be7 5. Nf3 0-0 6. 0-0 d5 7. Nc3 Nc6 8. Ne5 Ne4 9. Nxc6 bxc6 10. Nxe4 fxe4 11. f3 exf3 12. Bxf3 e5 13. dxe5 Bh3 14. Bg2 Bc5+ 15. Kh1 Bxg2+ 16. Kxg2 Rxf1 17. Qxf1 Qe7 18. Bf4 g5 19. e3 gxf4 20. exf4 Qe6 21. Qe2 Bd4 22. Rd1 c5 23. cxd5 Qxd5+ 24. Qf3 c6 25. b3 a5 26. Rd3 Kf7 27. f5 Qxe5 28. Qxc6 Re8 0-1

[Event "BUL-FRA m"]
[Site "Sofia"]
[Date "1990.??.??"]
[Round "10"]
[White "Andruet, Gilles"]
[Black "Semkov, Semko"]
[Result "0-1"]
[WhiteElo "2355"]
[BlackElo "2450"]
[PlyCount "80"]
[EventDate "1990.??.??"]
[EventType "team"]
[EventRounds "12"]
[EventCountry "BUL"]
[SourceTitle "EXT 1997"]
[Source "ChessBase"]
[SourceDate "1996.11.15"]
[SourceVersion "1"]
[SourceVersionDate "1996.11.15"]
[SourceQuality "1"]

1. d4 d5 2. c4 dxc4 3. e3 e6 4. Bxc4 Nf6 5. Nc3 a6 6. Qf3 Nc6 7. a3 Bd6 8. h3 0-0 9. Nge2 e5 10. d5 e4 11. Nxe4 Ne5 12. Nxf6+ Kh8 13. Qe4 Qxf6 14. Qc2 Qg6 15. Qxg6 fxg6 16. Ba2 Nd3+ 17. Kd2 Nxf2 18. Rg1 Bd7 19. Nc3 Rae8 20. Bc4 c6 21. Ke2 b5 22. Bb3 Bf5 23. dxc6 Bd3+ 24. Kd2 Bh2 25. Re1 Rd8 26. Bd5 Be4 27. Ke2 Bd3+ 28. Kd2 Be4 29. Ke2 Rxd5 30. Nxd5 Bxd5 31. b3 Bxb3 32. Bb2 Bc4+ 33. Kd2 Ne4+ 34. Kc2 Rf2+ 35. Kb1 Bd3+ 36. Ka2 Be5 37. Rab1 Bxb1+ 38. Rxb1 Nc3+ 39. Ka1 Nxb1 40. Bxe5 Nxa3 0-1

[Event "FRA-ch"]
[Site "Angers"]
[Date "1990.??.??"]
[Round "5"]
[White "Andruet, Gilles"]
[Black "Spassky, Boris Vasilievich"]
[Result "1/2-1/2"]
[WhiteElo "2380"]
[BlackElo "2570"]
[PlyCount "40"]
[EventDate "1990.??.??"]
[EventType "tourn"]
[EventRounds "15"]
[EventCountry "FRA"]
[EventCategory "6"]
[SourceTitle "EXT 1997"]
[Source "ChessBase"]
[SourceDate "1996.11.15"]
[SourceVersion "1"]
[SourceVersionDate "1996.11.15"]
[SourceQuality "1"]

1. d4 Nf6 2. c4 e6 3. Nf3 d5 4. Nc3 Be7 5. Bg5 0-0 6. e3 h6 7. Bxf6 Bxf6 8. Qd2 b6 9. cxd5 exd5 10. Be2 Bb7 11. 0-0 Nd7 12. b4 c6 13. Rac1 Re8 14. Rfd1 b5 15. a4 a6 16. a5 Be7 17. Rb1 Bd6 18. Bd3 Nf6 19. Qb2 Bc8 20. Re1 Qc7 1/2-1/2

[Event "Val Maubuee op"]
[Site "Val Maubuee"]
[Date "1990.??.??"]
[Round "?"]
[White "Giffard, Nicolas"]
[Black "Andruet, Gilles"]
[Result "0-1"]
[WhiteElo "2320"]
[BlackElo "2355"]
[PlyCount "58"]
[EventDate "1990.??.??"]
[EventType "swiss"]
[EventRounds "9"]
[EventCountry "FRA"]
[SourceTitle "EXT 1997"]
[Source "ChessBase"]
[SourceDate "1996.11.15"]
[SourceVersion "1"]
[SourceVersionDate "1996.11.15"]
[SourceQuality "1"]

1. g3 d5 2. Bg2 e5 3. d3 Nc6 4. c3 Be6 5. b4 Qd7 6. a3 h6 7. Nd2 Nf6 8. Bb2 a5 9. Qa4 Bd6 10. b5 Ne7 11. c4 0-0 12. cxd5 Bxd5 13. e4 Be6 14. Ngf3 Ng6 15. 0-0 Bh3 16. d4 Rfe8 17. Rfe1 Bxg2 18. Kxg2 Qg4 19. dxe5 Nxe5 20. Bxe5 Bxe5 21. Rac1 Nd5 22. Qb3 Nf4+ 23. Kh1 Nh3 24. Nxe5 Rxe5 25. Rxc7 Nxf2+ 26. Kg2 Qh3+ 27. Kxf2 Qxh2+ 28. Kf1 Re6 29. e5 Qxd2 0-1

[Event "Val Maubuee op"]
[Site "Val Maubuee"]
[Date "1990.??.??"]
[Round "?"]
[White "Lanka, Zigurds"]
[Black "Andruet, Gilles"]
[Result "1-0"]
[WhiteElo "2480"]
[BlackElo "2355"]
[PlyCount "93"]
[EventDate "1990.??.??"]
[EventType "swiss"]
[EventRounds "9"]
[EventCountry "FRA"]
[SourceTitle "EXT 1997"]
[Source "ChessBase"]
[SourceDate "1996.11.15"]
[SourceVersion "1"]
[SourceVersionDate "1996.11.15"]
[SourceQuality "1"]

1. e4 c5 2. Nf3 e6 3. d4 cxd4 4. Nxd4 Nf6 5. Nc3 d6 6. g4 e5 7. Bb5+ Bd7 8. Bxd7+ Qxd7 9. Nf5 h5 10. gxh5 Nxh5 11. Nd5 Na6 12. Qf3 g6 13. Nfe3 0-0-0 14. Bd2 Bh6 15. 0-0-0 Kb8 16. Kb1 Bxe3 17. Bxe3 Nc7 18. h4 Rc8 19. Rd3 Nxd5 20. Rxd5 Rc6 21. Rhd1 Qe6 22. Bg5 f6 23. Bd2 Ng7 24. Bb4 Ne8 25. Qg3 f5 26. f3 Qf6 27. Be1 f4 28. Qg1 Qe6 29. Qf1 g5 30. hxg5 Rh2 31. Bc3 Qg6 32. Qd3 Qxg5 33. Bxe5 dxe5 34. Rd8+ Kc7 35. Rxe8 Rhxc2 36. a4 R2c5 37. Qd7+ Kb6 38. Rb8 Rc7 39. Qd6+ R7c6 40. Qd7 Rc7 41. Rd6+ Ka5 42. b4+ Kxb4 43. Rxb7+ Rxb7 44. Qxb7+ Kc4 45. Rd1 Qg8 46. Qb2 Qc8 47. Kc2 1-0